Quản lý thời gian

Sách gồm những câu hỏi và tình huống đặt ra để giúp bạn suy nghĩ về cuộc sống của mình và những quyết định hàng ngày bạn đặt ra cho mình. Những câu hỏi này chỉ có thể hửu ích nếu bạn dám đối mặt với sự thật và trả lời những câu h...

Deskribapen osoa

Gorde:
Xehetasun bibliografikoak
Egile nagusia: Breininger, Dorothy K.
Formatua: Liburua
Hizkuntza:Undetermined
Argitaratua: Thanh Hóa Nhà Xuất Bản Thanh Hóa 2007
Gaiak:
Etiketak: Etiketa erantsi
Etiketarik gabe, Izan zaitez lehena erregistro honi etiketa jartzen!
Thư viện lưu trữ: Trung tâm Học liệu Trường Đại học Cần Thơ
LEADER 01069nam a2200205Ia 4500
001 CTU_136456
008 210402s9999 xx 000 0 und d
020 |c 22000 
082 |a 658.4093 
082 |b B835 
100 |a Breininger, Dorothy K. 
245 0 |a Quản lý thời gian 
245 0 |c Dorothy K. Breininger, Debby S. Bitticks ; Biên dịch: Trần Minh Nhật 
260 |a Thanh Hóa 
260 |b Nhà Xuất Bản Thanh Hóa 
260 |c 2007 
520 |a Sách gồm những câu hỏi và tình huống đặt ra để giúp bạn suy nghĩ về cuộc sống của mình và những quyết định hàng ngày bạn đặt ra cho mình. Những câu hỏi này chỉ có thể hửu ích nếu bạn dám đối mặt với sự thật và trả lời những câu hỏi một cách thẳn thắn. 
650 |a Quản trị thời gian,Time management,Business management 
904 |i Trọng Hải 
980 |a Trung tâm Học liệu Trường Đại học Cần Thơ